College Quizbowl Stats
College Quizbowl Stats
Circuits
Seasons
Sets
Records
Detailed Stats
About
Loading...
2023 Penn Bowl (South Central)
Tossups
Bonuses
Players
Teams
Categories (Tossup)
Categories (Bonus)
Abhinav Rachakonda
Texas B
Categories
Category
Powers
Gets
Negs
BBs
Points
Earliest Buzz
Avg. Buzz
First Buzzes
Top 3 Buzzes
Mythology
0
1
0
0
10
91
91.00
1
1
Religion
0
1
0
0
10
100
100.00
0
1
Science - Other Science
0
1
0
0
10
81
81.00
1
1
Social Science
0
1
0
0
10
107
107.00
1
1
Philosophy
0
0
1
0
-5
0.00
0
0
Buzzes
Category
Answer
Value
Buzz Position
Science - Other Science
artificial neural networks
10
81
Mythology
Asclepius
10
91
Religion
Ganeshan
10
100
Social Science
accusative case
10
107
Philosophy
“Modern Moral Philosophy”
-5
122
Previous
1
Next